Statistics for Homophones #1

Click here to take the quiz!

General Stats

  • This quiz has been taken 52,743 times
    (24,122 since last reset)
  • The average score is 20 of 27

Answer Stats

Word Homophone % Correct
AteEight
94%
WasteWaist
92%
PatientsPatience
89%
DaysDaze
88%
SlaySleigh
87%
HimHymn
86%
CerealSerial
86%
PausePaws
85%
TimeThyme
83%
SeenScene
82%
PeerPier
81%
LinksLynx
80%
BeauBow
79%
BrewsBruise
75%
ProfitProphet
74%
EarnUrn
74%
FazePhase
72%
CouncilCounsel
71%
MannerManor
71%
GateGait
70%
DuckedDuct
67%
PlumPlumb
65%
CastCaste
63%
SpadeSpayed
57%
StepSteppe
56%
RyeWry
40%
WardWarred
37%

Score Distribution

Percentile by Number Answered

Percent of People with Each Score

Your Score History

You have not taken this quiz since the last reset